QCM auteurs n°4 - Statistiques

Statistiques générales
  • Ce quiz a été pris 154 fois
  • Le résultat moyen est 13 sur 20
Statistiques - réponses
Question Réponse % Correct
Les trois mousquetaires Alexandre Dumas
100%
Le petit prince Antoine de Saint-Exupéry
100%
Rhinocéros Eugène Ionesco
100%
L’Odyssée Homère
100%
Au bonheur des dames Émile Zola
90%
Dom Juan Molière
90%
Les liaisons dangereuses Pierre-Ambroise-François Choderlos de Laclos
85%
Illusions perdues Honoré de Balzac
80%
Les contes du chat perché Marcel Aymé
80%
La Cafetière Théophile Gautier
75%
Athalie Jean Racine
45%
Les âmes mortes Nicolas Gogol
45%
L’île des esclaves Pierre Carlet de Chamblain de Marivaux
45%
Thyeste Sénèque
45%
Et soudain tout change Gilles Legardinier
40%
La mère aux monstres Guy de Maupassant
40%
Les Haut Conteurs Patrick Mc Spare & Oliver Peru
40%
Psychose 4.48 Sarah Kane
35%
L’ami retrouvé Fred Uhlman
25%
Le Manoir Évelyne Brisou-Pellen
10%
Aucun quiz correspondant
Distribution des résultats
% des personnes avec chaque résultat
Percentile par nombre de réponses
Votre historique - résultats
Vous n’avez pas pris ce quiz